Culture Générale - Série 1892 - Statistiques

Statistiques générales
  • Ce quiz a été pris 81 fois
  • Le résultat moyen est 4 sur 10
Statistiques - réponses
Question Réponse % Correct
Quel plat typique du Québec porte le même nom qu'un russe célèbre ? poutine
92%
Quel rongeur est appelé "siffleux" au Québec ? voir photo marmotte
68%
Dans quel pays francophone appelle-t-on une petite sieste "clopet" ? Suisse
64%
Quelle militante socialiste, d'origine polonaise, née en 1871, a été assasinée en 1919 en Allemagne ( initiales : RL) ? Rosa Luxemburg
49%
Dans quel pays africain se trouve la ville de Gao ? Mali
45%
Ensemble de câbles porteurs et de fils conducteurs destinés à l'alimentation des moyens de transports électriques à captage du courant par dispositif aérien caténaire
29%
Dans quel pays européen se trouve le massif montagneux Mátra ? Hongrie
28%
Sous quel pseudonyme connait-on mieux le philosophe Émile-Auguste Chartier (1868-1951) ? Alain
23%
L'araucaria est un conifère appelé également " pin du ... Chili
8%
Quelle rivière, affluent de l'Aisne, traverse la ville de Reims ? Vesle
3%
Aucun quiz correspondant
Distribution des résultats
% des personnes avec chaque résultat
Percentile par nombre de réponses
Votre historique - résultats
Vous n’avez pas pris ce quiz